The Earthscan reader on NGO management
Αποθηκεύτηκε σε:
| Άλλοι συγγραφείς: | , |
|---|---|
| Μορφή: | Βιβλίο |
| Γλώσσα: | English |
| Δημοσίευση: |
London :
Earthscan,
2002
|
| Θέματα: | |
| Ετικέτες: |
Προσθήκη ετικέτας
Δεν υπάρχουν, Καταχωρήστε ετικέτα πρώτοι!
|
MARC
| LEADER | 00000nam a2200000 i 4500 | ||
|---|---|---|---|
| 001 | 1/90350 | ||
| 008 | 080702s2002 eng d | ||
| 020 | |a 978-1-85383-848-4 (pbk.) | ||
| 020 | |a 1-85383-848-9 (pbk.) | ||
| 035 | |l 10098646 | ||
| 040 | |a GR-MY-UA |b gre |e aacr | ||
| 041 | 0 | |a eng | |
| 082 | 0 | |a 658 |2 (22) | |
| 245 | 1 | 4 | |a The Earthscan reader on NGO management / |c edited by Michael Edwards and Alan Fowler |
| 260 | |a London : |b Earthscan, |c 2002 | ||
| 300 | |a xiv, 464 σ.; |b εικ., πίν.; |c 24 εκ. | ||
| 504 | |a Περιέχει βιβλιογραφικές παραπομπές και ευρετήριο | ||
| 650 | 0 | 0 | |a Non-governmental organizations |x Management. |
| 700 | 1 | |a Edwards, Michael |d 1957- |4 edt | |
| 700 | 1 | |a Fowler, Alan |d 1947- |4 edt | |
| 852 | |a INST |b LESVOS |e 20080702 |h 658 EAR |p 005100042216 |q 005100042216 |t BK |y 0 | ||
| 901 | |a BIBL1-2008-2 | ||
| 909 | |a Λ |b 152158 | ||
| 922 | |a 1ΕΛΗ |b 200803 |c ΕΠΕΑΕΚ2/ΤΠ |d ΕΛΕΥΘΕΡΟΥΔΑΚΗΣ | ||
| 970 | |a ΓΙΑΛΑΜΑ |b ΜΑΡΙΑ |z 2008/07/02 | ||